1231 1661 1571 1655 1919 1238 1960 1138 1765 1368 1651 1568 1265 1814 1518 1331 1918 1236 1124 1412 1199 1743 1344 1612 1538 1808 1715 1801 1629 1034 1565 1896 1357 1971 1023 1526 1032 1380 1149 1487 1972 1876 1671 1667 1291 1446 1067 1338 1474 1908 1692 1720 1702 1101 1092 1538 1884 1750 1090 1854 1118 1237 1642 1612 1884 1614 1952 1299 1433 1504 1990 1588 1456 1428 1754 1928 1582 1059 1740 1340 1190 1199 1286 1796 1900 1245 1342 1762 1170 1345 1472 1798 1438 1277 1529 1803 1571 1862 1500 BCNSPRNW ULIB Ver.6.0+V

เปลี่ยนเป็นภาษาไทย

Change to English
 แสดงรายละเอียดบรรณานุกรม
  กลับหน้าหลัก

Brief Record : Get Marc (ISO 2709) : E-mail record : QR code < ปิดหน้าต่าง
LEADER : 00000nam 2200000uu 4500
001    13399127090
003     ULIB
008    191010s2560||||th 000 0 tha d
020    ^a9786162321597
060    ^aWS103^bฌ-ก
100    ^aเฌอ
245    ^aกล่องปริศนา นิทานคำสอนของพ่อ (หลวง) ชุดที่ 1 เล่ม 2 (สองภาษา ไทย-อังกฤษ)
250    ^aพิมพ์ครั้งที่ 1
260    ^aกรุงเทพฯ :^bบริษัท บีเวล พับลิชชิ่ง จำกัด,^c2560
300    ^a12 หน้า;^b19 ซม.
650    ^aเด็ก^xการเรียนการสอน
945    ^p35^l0^i006278
999    ^aประนอม เกษจรัล
รายการนี้ยังไม่มีแท็ก
คุณยังไม่ได้ล็อกอิน คุณสามารถมีกิจกรรมร่วมกับเว็บไซต์ได้ แต่ต้องล็อกอินก่อน ::
  ล็อกอิน

รายการสื่อสารสนเทศ

ลำดับที่ ประเภท เลขเรียก/บาร์โค้ด สถานที่ สถานะ
1. วิทยาศาสตร์การแพทย์ และสุขภาพ
วิทยาศาสตร์การแพทย์ และสุขภาพ
WS103 ฌ-ก ฉ.1 
  Barcode: 006278
ห้องสมุดวิทยาเขตสวรรค์ประชารักษ์
►หนังสือทั่วไป
บนชั้น

รายการใกล้เคียง
    ผู้แต่ง [เฌอ]

BibComment


ยังไม่เคยถูกคอมเมนท์

คอมเมนท์ทรัพยากรรายการนี้
  คอมเมนท์: กล่องปริศนา นิทา..


 Copyright 2026. Bcnsprnw @Library